Fr. Conceicao Rodrigues College of Engineering

Asphalt & Its Uses (Record no. 27226)

MARC details
000 -LEADER
fixed length control field 00315nam a2200157Ia 4500
082 ## - DEWEY DECIMAL CLASSIFICATION NUMBER
Classification number 665.5
Item number SVO
100 ## - MAIN ENTRY--PERSONAL NAME
Personal name None
245 ## - TITLE STATEMENT
Title Asphalt & Its Uses
260 ## - PUBLICATION, DISTRIBUTION, ETC.
Name of publisher, distributor, etc. StanDard Vacuum Oil
Place of publication, distribution, etc. Bombay
300 ## - PHYSICAL DESCRIPTION
Extent 224
546 ## - LANGUAGE NOTE
Language note ENGLISH
650 ## - SUBJECT ADDED ENTRY--TOPICAL TERM
Topical term or geographic name entry element Chemistry
654 ## - SUBJECT ADDED ENTRY--FACETED TOPICAL TERMS
Focus term Asphalt
942 ## - ADDED ENTRY ELEMENTS (KOHA)
Koha item type BOOK
Holdings
Withdrawn status Lost status Damaged status Not for loan Collection Home library Current library Date acquired Total Checkouts Full call number Barcode Date last seen Price effective from Koha item type
        AFT Fr. Agnel's C.Rodrigues College of Engineering Fr. Agnel's C.Rodrigues College of Engineering 17/03/2023   665.5 SVO AFT1251 17/03/2023 17/03/2023 BOOK